[Event "Novgorod RUS"]
[Site "?"]
[Date "1997.??.??"]
[Round "9"]
[White "Kasparov Garry"]
[Black "Kramnik Vladimir"]
[Result "1/2-1/2"]
[WhiteElo "2795"]
[BlackElo "2740"]
[PlyCount "82"]
[EventDate "1997.??.??"]
[Source "www.chesslib.no"]
[SourceDate "2004.05.04"]

1. e4 c5 2. Nc3 Nc6 3. Nge2 Nf6 4. d4 cxd4 5. Nxd4 d6 6. Bg5 e6 7. Qd2 a6 8. O-O-O h6 9. Be3 Be7 10. f4 Nxd4 11. Bxd4 b5 12. Kb1 Bb7 13. Bd3 O-O 14. e5 dxe5 15. fxe5 Nd7 16. Ne4 Bxe4 17. Bxe4 Rb8 18. c3 Qc7 19. Bc2 Rfd8 20. Qf4 Nf8 21. Rhf1 Bg5 22. Qf2 Rd7 23. Bc5 Rc8 24. Bd6 Qd8 25. Rd4 Qe8 26. h4 Be7 27. g4 Bxd6 28. exd6 Rc6 29. g5 e5 30. Rd5 Rcxd6 31. Rxd6 Rxd6 32. c4 Nh7 33. Bd3 h5 34. Qf4 Qc8 35. Qf2 Rd8 36. Qa7 f5 37. Qe3 Nxg5 38. a3 Rd5 39. Rf3 Qc7 40. c5 Rxd3 41. Qf2 Rb3 1/2-1/2

[Event "Novgorod"]
[Site "?"]
[Date "1997.??.??"]
[Round "?"]
[White "Kasparov, Garry"]
[Black "Kramnik, Vladimir"]
[Result "1/2-1/2"]
[WhiteElo "2795"]
[BlackElo "2740"]
[PlyCount "82"]
[EventDate "1997.??.??"]
[Source "ChessBase"]
[SourceDate "1997.06.01"]

1. e4 c5 2. Nf3 Nc6 3. d4 cxd4 4. Nxd4 Nf6 5. Nc3 d6 6. Bg5 e6 7. Qd2 a6 8. O-O-O h6 9. Be3 Be7 10. f4 Nxd4 11. Bxd4 b5 12. Kb1 Bb7 13. Bd3 O-O 14. e5 dxe5 15. fxe5 Nd7 16. Ne4 Bxe4 17. Bxe4 Rb8 18. c3 Qc7 19. Bc2 Rfd8 20. Qf4 Nf8 21. Rhf1 Bg5 22. Qf2 Rd7 23. Bc5 Rc8 24. Bd6 Qd8 25. Rd4 Qe8 26. h4 Be7 27. g4 Bxd6 28. exd6 Rc6 29. g5 e5 30. Rd5 Rcxd6 31. Rxd6 Rxd6 32. Bb3 Ne6 33. g6 f6 34. h5 Qd7 35. Qf3 Kf8 36. Qa8+ Nd8 37. Qe4 Ke7 38. a3 Qh3 39. Rd1 Rxd1+ 40. Bxd1 Qe6 41. Bg4 Qc6 1/2-1/2

[Event "Corr"]
[Site "?"]
[Date "1999.11.03"]
[Round "?"]
[White "Tarnowiecki Harald"]
[Black "Andersson Ulf (SWE)"]
[Result "1/2-1/2"]
[WhiteElo "2676"]
[BlackElo "2805"]
[PlyCount "55"]
[EventDate "1999.??.??"]
[Source "www.chesslib.no"]
[SourceDate "2004.05.04"]

1. e4 c5 2. Nf3 d6 3. d4 cxd4 4. Nxd4 Nf6 5. Nc3 a6 6. Bg5 Nc6 7. Qd2 e6 8. O-O-O h6 9. Be3 Be7 10. f4 Bd7 11. Kb1 Rc8 12. h3 Nxd4 13. Bxd4 Qa5 14. Bxf6 gxf6 15. Be2 Rc5 16. Qd4 Qc7 17. Rhf1 Rg8 18. g4 Kd8 19. Rd2 Kc8 20. Nd1 Kb8 21. Ne3 Rc8 22. c3 Be8 23. a3 b5 24. Rc2 Qa7 25. Rfc1 Bd8 26. Nf1 Be7 27. Ng3 R5c7 28. Qxa7+ 1/2-1/2

[Event "Dos Hermanas"]
[Site "?"]
[Date "1997.??.??"]
[Round "?"]
[White "Short, N."]
[Black "Anand, V."]
[Result "1/2-1/2"]
[WhiteElo "2690"]
[BlackElo "2765"]
[PlyCount "96"]
[EventDate "1997.??.??"]
[Source "ChessBase"]
[SourceDate "1997.02.01"]

1. e4 c5 2. Nf3 d6 3. d4 cxd4 4. Nxd4 Nf6 5. Nc3 Nc6 6. Bg5 e6 7. Qd2 a6 8. O-O-O h6 9. Be3 Be7 10. f4 Nxd4 11. Bxd4 b5 12. Qe3 Qc7 13. e5 dxe5 14. fxe5 Nd7 15. Ne4 Bb7 16. Nd6+ Qxd6 17. exd6 Bg5 18. Qxg5 hxg5 19. Bxg7 Rh4 20. Bd4 f5 21. b3 Rc8 22. Kb2 Kf7 23. h3 Bc6 24. Rg1 e5 25. Bf2 Rhh8 26. c4 Nf6 27. Bd3 f4 28. Bf5 Bd7 29. Bxd7 Nxd7 30. c5 Ke6 31. b4 Rh7 32. Rge1 Kf5 33. Kb3 Ke6 34. Bd4 Kd5 35. Bxe5+ Kc6 36. Bc3 g4 37. hxg4 Rh4 38. Ra1 a5 39. a4 axb4 40. Bxb4 bxa4+ 41. Rxa4 Rxg4 42. Ra6+ Kb5 43. Ra5+ Kc6 44. Re4 Rxg2 45. Rxf4 Rgg8 46. Kc4 Ra8 47. Rxa8 Rxa8 48. Re4 Rg8 1/2-1/2

[Event "It Linares ESP"]
[Site "?"]
[Date "1997.??.??"]
[Round "8"]
[White "Shirov, A."]
[Black "Kramnik, V."]
[Result "1/2-1/2"]
[WhiteElo "2690"]
[BlackElo "2740"]
[PlyCount "70"]
[EventDate "1997.??.??"]
[Source "www.chesslib.no"]
[SourceDate "2004.05.04"]

1. e4 c5 2. Nf3 d6 3. d4 cxd4 4. Nxd4 Nf6 5. Nc3 Nc6 6. Bg5 e6 7. Qd2 a6 8. O-O-O h6 9. Be3 Be7 10. f4 Nxd4 11. Bxd4 b5 12. Kb1 Bb7 13. Bd3 O-O 14. e5 dxe5 15. fxe5 Nd7 16. Ne4 Bxe4 17. Bxe4 Rb8 18. Ba7 Nxe5 19. Qc3 Bd6 20. Qd4 Bc7 21. Qc5 Qc8 22. Rhe1 Nc4 23. Bxb8 Qxb8 24. g3 Be5 25. c3 Rc8 26. Qe7 b4 27. Qxb4 Qc7 28. Qb7 Na3+ 29. Kc1 Bf4+ 30. gxf4 Qxf4+ 31. Rd2 Rd8 32. Red1 Rxd2 33. Rxd2 Qf1+ 34. Rd1 Qf4+ 35. Rd2 Qf1+ 1/2-1/2

[Event "Linares (m/5)"]
[Site "?"]
[Date "1992.??.??"]
[Round "?"]
[White "Ivanchuk, V."]
[Black "Anand, V."]
[Result "1/2-1/2"]
[WhiteElo "2720"]
[BlackElo "2690"]
[PlyCount "51"]
[EventDate "1992.??.??"]
[Source "ChessBase"]
[SourceDate "1992.06.01"]

1. e4 c5 2. Nf3 d6 3. d4 cxd4 4. Nxd4 Nf6 5. Nc3 Nc6 6. Bg5 e6 7. Qd2 a6 8. O-O-O h6 9. Be3 Nxd4 10. Bxd4 b5 11. Kb1 Bb7 12. f3 Be7 13. g4 Bc6 14. Qf2 Qb8 15. h4 b4 16. Ne2 e5 17. Be3 d5 18. Ng3 d4 19. Bc1 g6 20. Bh3 Nd7 21. g5 h5 22. f4 O-O 23. fxe5 Nxe5 24. Bf4 Bc5 25. Rhe1 Re8 26. Bf1 1/2-1/2

[Event "Sicilia"]
[Site "Buenos Aires Sicilia"]
[Date "1994.??.??"]
[Round "14"]
[White "Polgar, Judit"]
[Black "Karpov, Anatoly"]
[Result "1/2-1/2"]
[WhiteElo "2630"]
[BlackElo "2740"]
[PlyCount "62"]
[EventDate "1994.??.??"]
[Source "www.chesslib.no"]
[SourceDate "2004.05.04"]

1. e4 c5 2. Nf3 Nc6 3. d4 cxd4 4. Nxd4 Nf6 5. Nc3 d6 6. Bg5 e6 7. Qd2 a6 8. O-O-O h6 9. Be3 Bd7 10. f4 b5 11. Bd3 Be7 12. Kb1 Nxd4 13. Bxd4 Bc6 14. Rhe1 Rc8 15. g4 b4 16. Bxf6 Bxf6 17. Nd5 Bh4 18. Re2 a5 19. Qe3 O-O 20. Nb6 Rb8 21. Nc4 Bb5 22. Rg2 Rc8 23. Nd2 Bxd3 24. Qxd3 Be7 25. h4 d5 26. e5 a4 27. g5 hxg5 28. Rg4 Bd6 29. Nf3 Rc3 30. Ne1 Bc7 31. Qd4 Qb8 1/2-1/2

[Event "Groningen"]
[Site "?"]
[Date "1996.??.??"]
[Round "?"]
[White "Short, N."]
[Black "Svidler, P."]
[Result "1/2-1/2"]
[WhiteElo "2695"]
[BlackElo "2650"]
[PlyCount "40"]
[EventDate "1996.??.??"]
[Source "ChessBase"]
[SourceDate "1996.10.01"]

1. e4 c5 2. Nf3 d6 3. d4 cxd4 4. Nxd4 Nf6 5. Nc3 Nc6 6. Bg5 e6 7. Qd2 a6 8. O-O-O h6 9. Be3 Be7 10. f4 Nxd4 11. Bxd4 b5 12. Qe1 Bb7 13. Kb1 Qc7 14. e5 dxe5 15. Bxe5 Qc6 16. Be2 O-O 17. Bf3 Qb6 18. Qg3 Rfd8 19. Ne4 Ne8 20. Nf2 Rxd1+ 1/2-1/2

[Event "Terrassa"]
[Site "?"]
[Date "1991.??.??"]
[Round "?"]
[White "Ehlvest, J."]
[Black "Ivanchuk, V."]
[Result "1/2-1/2"]
[WhiteElo "2650"]
[BlackElo "2695"]
[PlyCount "72"]
[EventDate "1991.??.??"]
[Source "ChessBase"]
[SourceDate "1991.06.01"]

1. e4 c5 2. Nf3 d6 3. d4 cxd4 4. Nxd4 Nf6 5. Nc3 Nc6 6. Bg5 e6 7. Qd2 a6 8. O-O-O h6 9. Be3 Bd7 10. f4 Be7 11. Kb1 b5 12. Bd3 O-O 13. Rhe1 Qc7 14. h3 Na5 15. Qf2 Nc4 16. Bc1 b4 17. Nce2 a5 18. Ng3 Rfc8 19. Qe2 Rab8 20. Ka1 a4 21. e5 dxe5 22. fxe5 Nd5 23. Qh5 Be8 24. Bxc4 Qxc4 25. Qg4 b3 26. cxb3 axb3 27. Nxb3 Qa6 28. Rxd5 Rxb3 29. Nh5 g6 30. Rd6 Bxd6 31. exd6 Ra8 32. a3 Qd3 33. Rd1 Rbxa3+ 34. bxa3 Rxa3+ 35. Bxa3 Qxa3+ 36. Kb1 Qb3+ 1/2-1/2

[Event "Linares"]
[Site "?"]
[Date "1997.??.??"]
[Round "?"]
[White "Shirov, A."]
[Black "Dreev, A."]
[Result "1/2-1/2"]
[WhiteElo "2690"]
[BlackElo "2650"]
[PlyCount "43"]
[EventDate "1997.??.??"]
[Source "ChessBase"]
[SourceDate "1997.02.01"]

1. e4 c5 2. Nf3 d6 3. d4 cxd4 4. Nxd4 Nf6 5. Nc3 Nc6 6. Bg5 e6 7. Qd2 a6 8. O-O-O h6 9. Be3 Bd7 10. f3 b5 11. Nxc6 Bxc6 12. Ne2 e5 13. c4 Rc8 14. Nc3 b4 15. Nd5 Bxd5 16. exd5 Rb8 17. f4 Qa5 18. fxe5 dxe5 19. d6 Qxa2 20. c5 Qa1+ 21. Kc2 Qa4+ 22. Kc1 1/2-1/2

[Event "Elista (m/1) 72/(211)"]
[Site "?"]
[Date "1998.??.??"]
[Round "?"]
[White "Tiviakov, Sergei"]
[Black "Gelfand, Boris"]
[Result "1/2-1/2"]
[WhiteElo "2640"]
[BlackElo "2675"]
[PlyCount "40"]
[EventDate "1998.??.??"]
[Source "ChessBase"]
[SourceDate "1998.02.01"]

1. e4 c5 2. Nf3 d6 3. d4 cxd4 4. Nxd4 Nf6 5. Nc3 Nc6 6. Bg5 e6 7. Qd2 a6 8. O-O-O Nxd4 9. Qxd4 Be7 10. f4 b5 11. Bxf6 gxf6 12. f5 Qa5 13. Kb1 Bb7 14. Bd3 b4 15. Ne2 e5 16. Qf2 Qc5 17. Rhf1 Qxf2 18. Rxf2 Bd8 19. Ng3 Bb6 20. Re2 Rc8 1/2-1/2

[Event "Yerevan"]
[Site "?"]
[Date "1996.??.??"]
[Round "?"]
[White "Khalifman, A."]
[Black "Hracek, Z."]
[Result "1/2-1/2"]
[WhiteElo "2650"]
[BlackElo "2650"]
[PlyCount "50"]
[EventDate "1996.??.??"]
[Source "ChessBase"]
[SourceDate "1996.02.01"]

1. e4 c5 2. Nf3 d6 3. d4 cxd4 4. Nxd4 Nf6 5. Nc3 Nc6 6. Bg5 e6 7. Qd2 a6 8. O-O-O Nxd4 9. Qxd4 Be7 10. f4 b5 11. Bxf6 gxf6 12. f5 Qa5 13. Kb1 b4 14. Ne2 e5 15. Qe3 Bb7 16. Ng3 d5 17. Bd3 O-O-O 18. Qe2 h5 19. exd5 h4 20. Ne4 Rxd5 21. Bc4 Rxd1+ 22. Rxd1 Rd8 23. Rd2 Kb8 24. Qe3 Kc7 25. g4 Qb6 1/2-1/2

[Event "48th New York Masters"]
[Site "New York"]
[Date "2003.03.18"]
[Round "2"]
[White "Kreiman, Boris"]
[Black "Ehlvest, Jaan"]
[Result "0-1"]
[WhiteElo "2581"]
[BlackElo "2702"]
[PlyCount "130"]
[EventDate "2003.03.18"]
[Source "Roberto Alvarez"]
[SourceDate "2003.05.19"]

1. e4 c5 2. Nf3 d6 3. d4 cxd4 4. Nxd4 Nf6 5. Nc3 a6 6. Bg5 Nc6 7. Qd2 Qb6 8. Nb3 e6 9. O-O-O Qc7 10. Kb1 Bd7 11. f3 Rb8 12. g4 b5 13. Bxf6 gxf6 14. f4 h5 15. gxh5 Bh6 16. Qf2 b4 17. Ne2 Bc8 18. Nbd4 Bb7 19. Bg2 Rg8 20. Nxc6 Qxc6 21. Bf3 Rc8 22. Rd2 Qc5 23. Qh4 f5 24. Rhd1 fxe4 25. Bg4 e3 26. Rxd6 Bd5 27. R6xd5 Qxc2+ 28. Ka1 exd5 29. Rb1 Rc4 30. Qf6 Rxg4 31. Qe5+ Kf8 32. Qh8+ Rg8 33. Qxh6+ Ke7 34. Qxa6 Qxe2 35. Qb7+ Ke6 36. f5+ Kf6 37. Qxd5 Rg2 38. Qd6+ Kxf5 39. Qd5+ Kf6 40. Qd6+ Kg7 41. Qe5+ Kh7 42. Qf5+ Kg8 43. h6 Qc2 44. h7+ Kg7 45. Qf6+ Kxf6 46. h8=Q+ Ke7 47. Qe5+ Kf8 48. Qh8+ Rg8 49. Qh6+ Ke8 50. Qxe3+ Qe4 51. Qb6 Rg6 52. Qb8+ Ke7 53. Rd1 Rd4 54. Qc7+ Kf8 55. Rf1 Qf5 56. Re1 Kg7 57. h4 Qe4 58. Rf1 Qf3 59. Qe5+ Kh7 60. Qe1 Qd5 61. h5 Rd6 62. Qb1+ Qe4 63. Qc1 Rd7 64. h6 Qe2 65. Qb1+ Qd3 0-1

[Event "Las Vegas (m/1)"]
[Site "?"]
[Date "1999.??.??"]
[Round "?"]
[White "Nisipeanu, L._D."]
[Black "Ivanchuk, V."]
[Result "1/2-1/2"]
[WhiteElo "2580"]
[BlackElo "2700"]
[PlyCount "109"]
[EventDate "1999.??.??"]
[Source "Chess Informant"]
[SourceDate "1999.06.01"]

1. e4 c5 2. Nf3 d6 3. d4 cxd4 4. Nxd4 Nf6 5. Nc3 Nc6 6. Bg5 e6 7. Qd2 a6 8. O-O-O h6 9. Nxc6 bxc6 10. Bf4 d5 11. Qe3 Be7 12. Be2 O-O 13. Qg3 Kh8 14. Bc7 Qd7 15. Be5 Qb7 16. exd5 cxd5 17. Rd4 Ne8 18. Bd3 Bf6 19. Re1 Bd7 20. Rg4 Bxe5 21. Rxe5 Rb8 22. b3 Rc8 23. Qh4 f5 24. Qe7 Kg8 25. Rb4 Qc7 26. Rxe6 Rf7 27. Nxd5 Rxe7 28. Nxc7 Bxe6 29. Nxe6 Rxe6 30. Bxf5 Rcc6 31. Bxe6+ Rxe6 32. Rd4 Kf7 33. Kd2 Nd6 34. Rf4+ Ke7 35. c4 a5 36. f3 Re5 37. a3 Rc5 38. Kd3 Re5 39. b4 g5 40. Rd4 Re1 41. bxa5 Ra1 42. Kc3 Rxa3+ 43. Kb4 Ra2 44. g4 Ke6 45. h3 Rb2+ 46. Kc3 Rb1 47. f4 Rc1+ 48. Kd2 Ra1 49. f5+ Ke7 50. c5 Nb5 51. Re4+ Kf7 52. Re6 Rxa5 53. Rxh6 Nd4 54. Kc3 Nxf5 55. gxf5 1/2-1/2

[Event "Porzellan Cup"]
[Site "Dresden"]
[Date "2000.??.??"]
[Round "1.2"]
[White "Shirov, Alexei"]
[Black "Lanka, Zigurds"]
[Result "1/2-1/2"]
[WhiteElo "2750"]
[BlackElo "2500"]
[PlyCount "72"]
[EventDate "2000.01.??"]
[Source "ChessBase"]
[SourceDate "2000.03.10"]

1. e4 c5 2. Nf3 Nc6 3. d4 cxd4 4. Nxd4 d6 5. Nc3 Nf6 6. Bg5 e6 7. Qd2 a6 8. O-O-O h6 9. Be3 Qc7 10. f3 Be7 11. g4 Nxd4 12. Bxd4 e5 13. Be3 Be6 14. h4 O-O-O 15. Qf2 Qc6 16. Bd3 d5 17. exd5 Nxd5 18. Be4 Qc4 19. Nxd5 Bxd5 20. b3 Ba3+ 21. Kb1 Qc3 22. Bc1 Bxc1 23. Rxc1 Bxe4 24. fxe4 f6 25. g5 hxg5 26. hxg5 Rxh1 27. Rxh1 Rd2 28. Qf5+ Kb8 29. Rc1 Qc6 30. Qg6 Rg2 31. Qxg7 Rxg5 32. Qe7 Rg2 33. Qd8+ Ka7 34. Qd3 Rf2 35. Rf1 Rxf1+ 36. Qxf1 Qxe4 1/2-1/2